Statistics for First 50 Fibonacci numbers - need fast typing and adding!

Click here to take the quiz!

General Stats

  • This quiz has been taken 41 times
  • The average score is 33 of 50

Answer Stats

NUMBER % Correct
1
100%
2
100%
3
100%
5
100%
8
100%
13
97%
21
91%
34
88%
55
88%
89
88%
144
85%
987
79%
377
79%
610
79%
233
79%
1 597
76%
2 584
76%
4 181
70%
6 765
70%
10 946
70%
17 711
64%
28 657
64%
514 229
61%
317 811
61%
121 393
61%
196 418
61%
46 368
61%
75 025
61%
832 040
58%
1 346 269
58%
2 178 309
58%
3 524 578
58%
5 702 887
58%
9 227 465
58%
39 088 169
55%
63 245 986
55%
24 157 817
55%
14 930 352
55%
102 334 155
48%
165 580 141
45%
267 914 296
42%
433 494 437
42%
701 408 733
42%
1 134 903 170
42%
1 836 311 903
42%
2 971 215 073
42%
4 807 526 976
36%
7 778 742 049
33%
12 586 269 025
27%

Score Distribution

Percentile by Number Answered

Percent of People with Each Score

Your Score History

You have not taken this quiz